000
00272nam a22001217a 4500
020
_a
0-08-021295-6
082
_a
620.7 LAR'W
100
_a
WAXLER, ALVIN
_9
74487
245
_a
LARGE ENGINEERING SYSTEMS
260
_a
OXFORD
_b
PERGMAN
_c
1977
300
_a
710P
942
_c
BK
999
_c
580011
_d
580011